Teória všeobecnej psychológie cesty jej rozvíjania

Gespeichert in:
Bibliographische Detailangaben
1. Verfasser: Kováč, Damián
Format: Buch
Sprache:Slowakisch
Veröffentlicht: Bratislava Veda 1985
Tags: Tag hinzufügen
Keine Tags, Fügen Sie das erste Tag hinzu!

MARC

LEADER 00000nam a2200000 4500
001 c105343
005 20041019155134.3
041 0 |a slo 
044 |a SK 
245 1 0 |a Teória všeobecnej psychológie  |b cesty jej rozvíjania  |c Damián Kováč 
264 1 |a Bratislava  |b Veda  |c 1985 
300 |a 338 s. 
100 1 |a Kováč, Damián